The C Programmers companion (Record no. 1161)

MARC details
000 -LEADER
Fixed length control field 00442nam a2200169 4500
003 - CONTROL NUMBER IDENTIFIER
Control field SEACOMEC
005 - DATE AND TIME OF LATEST TRANSACTION
Control field 20240521151530.0
008 - FIXED-LENGTH DATA ELEMENTS--GENERAL INFORMATION
Fixed length control field 240521b |||||||| |||| 00| 0 eng d
020 ## - INTERNATIONAL STANDARD BOOK NUMBER / ISBN
International Standard Book Number 9788173714924
Price Rs.160.00
040 ## - CATALOGING SOURCE
Original cataloging agency SEACOMEC
082 ## - DEWEY DECIMAL CLASSIFICATION NUMBER
Classification number 005.133
Book Number J79
100 ## - MAIN ENTRY--PERSONAL NAME
Personal name Jones,R S
245 1# - TITLE STATEMENT
Title The C Programmers companion
Statement of responsibility R S Jones
260 ## - IMPRINT
Place of publication Hyderabad
Name of publisher Universities Press
Date of publication 2004
650 ## - SUBJECT ADDED ENTRY--TOPICAL TERM
Topical term Programming Language
942 ## - ADDED ENTRY ELEMENTS (KOHA)
Koha item type Books
Holdings
Withdrawn status Lost status Source of classification Damaged status Not for loan Home library Current library Date acquired Price Total Checkouts Call number Accession number Date last seen Price effective from Koha item type Copy number
    Dewey Decimal Classification     SEACOM ENGINEERING COLLEGE SEACOM ENGINEERING COLLEGE 03/05/2007 140.00   005.133 J79 6609 08/08/2024 08/08/2024 Books  
    Dewey Decimal Classification     SEACOM ENGINEERING COLLEGE SEACOM ENGINEERING COLLEGE 03/05/2007 140.00   005.133 J79 6610 08/08/2024 08/08/2024 Books 1
    Dewey Decimal Classification     SEACOM ENGINEERING COLLEGE SEACOM ENGINEERING COLLEGE 03/05/2007 140.00   005.133 J79 6611 08/08/2024 08/08/2024 Books 2
    Dewey Decimal Classification     SEACOM ENGINEERING COLLEGE SEACOM ENGINEERING COLLEGE 03/05/2007 140.00   005.133 J79 6612 08/08/2024 08/08/2024 Books 3
    Dewey Decimal Classification     SEACOM ENGINEERING COLLEGE SEACOM ENGINEERING COLLEGE 03/05/2007 140.00   005.133 J79 6613 08/08/2024 08/08/2024 Books 4
    Dewey Decimal Classification     SEACOM ENGINEERING COLLEGE SEACOM ENGINEERING COLLEGE 17/01/2008 160.00   005.133 J79 8979 08/08/2024 08/08/2024 Books 5
    Dewey Decimal Classification     SEACOM ENGINEERING COLLEGE SEACOM ENGINEERING COLLEGE 17/01/2008 160.00   005.133 J79 8980 08/08/2024 08/08/2024 Books 6
    Dewey Decimal Classification     SEACOM ENGINEERING COLLEGE SEACOM ENGINEERING COLLEGE 17/01/2008 160.00   005.133 J79 8981 08/08/2024 08/08/2024 Books 7
    Dewey Decimal Classification     SEACOM ENGINEERING COLLEGE SEACOM ENGINEERING COLLEGE 17/01/2008 160.00   005.133 J79 8982 08/08/2024 08/08/2024 Books 8
    Dewey Decimal Classification     SEACOM ENGINEERING COLLEGE SEACOM ENGINEERING COLLEGE 17/01/2008 160.00   005.133 J79 8983 08/08/2024 08/08/2024 Books 9
© Seacom Engineering College, All rights reserved.      Powered by Koha